000 00354nam a22001457a 4500
003 SGT
020 _a818974755-X
082 _a615.19
_bRAO
100 _aRAO, DR. G. DEVALA
245 _aPRACTICAL NATURAL AND PHARMACEUTICAL CHEMISTRY
260 _aINDIA
_bBIRLA PUB.
_c2025
300 _a220
650 _aPHARMACEUTICAL CHEMISTRY
942 _2ddc
_cBK
999 _c32985
_d32985